| 000 | 00573nam a2200145Ia 4500 | ||
|---|---|---|---|
| 008 | 100204s9999 xx 000 0 und d | ||
| 082 | _b14542 | ||
| 100 | _aघाणेकर मधुसूदन | ||
| 245 | _aवैवाहिक जीवन व ग्रहविचार | ||
| 260 |
_b"शब्एसन्मान प्रकाशन , पुणे" _c1990 |
||
| 300 | _a80 | ||
| 630 | _aवैवाहिक जीवन व ग्रहविचार | ||
| 730 | _aवैवाहिक जीवन व ग्रहविचार | ||
| 942 | _cBOOK | ||
| 999 |
_c458973 _d458970 |
||